Fizičeskije svojstva atomarno - čistoj poverchnosti poluprovodnikov

Gespeichert in:
Bibliographische Detailangaben
Hauptverfasser: Nesterenko, Boris A. (Verfasst von), Snitko, Oleg V (Verfasst von)
Format: Buch
Sprache:Russisch
Veröffentlicht: Kijev : Naukova dumka, 1983
Schlagworte:
Tags: Tag hinzufügen
Keine Tags, Fügen Sie das erste Tag hinzu!

MARC

LEADER 00000nam a22000003a 4500
001 stu89231
005 20150617225628.2
008 040727s1983------------------------rus-d
040 |a STU  |b slo 
041 0 |a rus 
080 |a 621.315.592 
080 |a 538.971 
080 |a 539.2 
100 1 |a Nesterenko, Boris A.  |4 aut 
245 1 |a Fizičeskije svojstva atomarno - čistoj poverchnosti poluprovodnikov 
260 |a Kijev :  |b Naukova dumka,  |c 1983 
300 |a 263 s 
650 7 |a molekulárne vlastnosti  |2 stusub 
700 1 |a Snitko, Oleg V  |4 aut 
996 |b E53695  |c E*53695  |l EE10  |s P  |a 0  |w stu89231_0001 
996 |b E54292  |c E*54292  |l EE10  |s P  |a 0  |w stu89231_0002